Rhymes with 'ART' Quiz Stats

Quiz Updated Dec 21, 2017

Also try: Rhymes with Cat
Challenge
Share
Tweet
Embed
Score 0/12 Timer 02:00
11 Plays Today
'Art' Rhymes % Correct
FART
98.8%
CART
98.1%
MART
96.7%
DART
96.4%
PART
96.3%
TART
91.4%
HEART
86.3%
HART
79.5%
START
77%
KART
71%
CHART
68%
SMART
52.5%

You're not logged in!

Compare scores with friends on all Sporcle quizzes.
Sign Up with Email
OR
Log In

You Might Also Like...

Show Comments

Extras

Top Quizzes Today


Score Distribution

Your Account Isn't Verified!

In order to create a playlist on Sporcle, you need to verify the email address you used during registration. Go to your Sporcle Settings to finish the process.